India code (Vol. XXII) (As on the Ist Nov. 2000) (Record no. 1133971)

MARC details
000 -LEADER
fixed length control field 00732nam a2200229Ia 4500
003 - CONTROL NUMBER IDENTIFIER
control field OSt
005 - DATE AND TIME OF LATEST TRANSACTION
control field 20221007064420.0
008 - FIXED-LENGTH DATA ELEMENTS--GENERAL INFORMATION
fixed length control field 221006b |||||||| |||| 00| 0 eng d
037 ## - SOURCE OF ACQUISITION
Terms of availability Reference Collections
040 ## - CATALOGING SOURCE
Original cataloging agency FLL
Transcribing agency FLL
Language of cataloging eng
041 ## - LANGUAGE CODE
Source of code eng
Language code of text/sound track or separate title eng
110 ## - MAIN ENTRY--CORPORATE NAME
Corporate name or jurisdiction name as entry element Govt. of India, Ministry of law, justice and company affairs
9 (RLIN) 685759
245 #0 - TITLE STATEMENT
Title India code (Vol. XXII) (As on the Ist Nov. 2000)
260 ## - PUBLICATION, DISTRIBUTION, ETC.
Place of publication, distribution, etc. Delhi
Name of publisher, distributor, etc. Conrroller of Publication, Govt. of India India
Date of publication, distribution, etc. 2000
300 ## - PHYSICAL DESCRIPTION
Extent 254p
Dimensions cm.
700 ## - ADDED ENTRY--PERSONAL NAME
Personal name Govt. of India, Ministry of law, justice and company affairs
9 (RLIN) 685760
942 ## - ADDED ENTRY ELEMENTS (KOHA)
Koha item type Reference
Source of classification or shelving scheme Colon Classification (CC)
Holdings
Withdrawn status Lost status Source of classification or shelving scheme Damaged status Not for loan Home library Current library Date acquired Total Checkouts Barcode Date last seen Price effective from Koha item type
    Colon Classification (CC)     Faculty of Law Library Faculty of Law Library 2022-10-07   LL1427677 2022-10-07 2022-10-07 Reference
Copyright @ Delhi University Library System